| Поле | Инд. | ПП | Название | Значение |
|---|---|---|---|---|
| Тип записи | a | |||
| Библиографический уровень | m | |||
| 001 | Контрольный номер | RU/IS/BASE/264540585 | ||
| 005 | Дата корректировки | 20250618141306.3 | ||
| 008 | Кодируемые данные | 19970321 | ||
| 020 | 00 | a | ISBN | 5-7133-0744-1 |
| 040 | 00 | e | Правила каталог. | Т 970321 |
| 084 | a | Индекс другой классификации/Индекс ББК | 63.3(0)64-6; 66.1(0)6-136 | |
| 090 | 00 | a | Полочн. индекс | 63.3(0)64-6 |
| x | Авторский знак | М 42 | ||
| 097 | 00 | a | 230 | |
| 100 | 10 | a | Автор | Медведев В. А. |
| 245 | 00 | a | Заглавие | Распад. Как он назревал в "мировой системе социализма" |
| 260 | 00 | a | Место издания | Москва |
| b | Издательство | Международные отношения | ||
| c | Дата издания | 1994 | ||
| 300 | 00 | a | Объем | 400 с. |
| b | Иллюстрации/ тип воспроизводства | ил. | ||
| 336 | a | Термин вида содержания | Текст | |
| 337 | a | Термин типа средства | непосредственный | |
| 600 | a | Персоналии | Брежнев Леонид Ильич | |
| a | Персоналии | Горбачев Михаил Сергеевич | ||
| a | Персоналии | Живков Тодор | ||
| a | Персоналии | Кастро Фидель | ||
| a | Персоналии | Хонеккер Эрих | ||
| 650 | a | Основная рубрика | история | |
| 653 | 00 | a | Ключевые слова | XX век |
| a | Ключевые слова | Варшавский Договор 1955 | ||
| a | Ключевые слова | Венгрия | ||
| a | Ключевые слова | внешняя политика | ||
| a | Ключевые слова | внутренняя политика | ||
| a | Ключевые слова | Восточная Европа | ||
| a | Ключевые слова | Вьетнам | ||
| a | Ключевые слова | Германская Демократическая Республика (ГДР) | ||
| a | Ключевые слова | доктрины | ||
| a | Ключевые слова | идеология | ||
| a | Ключевые слова | Кампучия | ||
| a | Ключевые слова | Корейская Народно-Демократическая Республика (КНДР) | ||
| a | Ключевые слова | Республика Корея (Южная Корея) | ||
| a | Ключевые слова | Куба | ||
| a | Ключевые слова | мировая социалистическая система | ||
| a | Ключевые слова | Монголия | ||
| a | Ключевые слова | новейшее время | ||
| a | Ключевые слова | перевороты | ||
| a | Ключевые слова | политика | ||
| a | Ключевые слова | политические перевороты | ||
| a | Ключевые слова | Россия | ||
| a | Ключевые слова | социализм | ||
| a | Ключевые слова | социалистические страны | ||
| a | Ключевые слова | СССР | ||
| a | Ключевые слова | ЦК КПСС | ||
| a | Ключевые слова | Чехословакия | ||
| a | Ключевые слова | Югославия | ||
| a | Ключевые слова | Корея | ||
| 720 | a | Наименование подборки | Кубинская революция | |
| e | Признак/вид подборки | Тематические подборки | ||
| 901 | t | Тип документа | m | |
| 952 | a | Тип литературы для КСУ ВШ | НАУ |